header

Educated by initiative (Record no. 45913)

MARC details
000 -LEADER
fixed length control field 01935nam a22003734a 4500
082 04 - DEWEY DECIMAL CLASSIFICATION NUMBER
Classification number 328.273
100 1# - MAIN ENTRY--AUTHOR NAME
Personal name Smith, Daniel A.,
245 10 - TITLE STATEMENT
Title Educated by initiative
260 ## - PUBLICATION, DISTRIBUTION, ETC. (IMPRINT)
Place of publication Ann Arbor :
Name of publisher University of Michigan Press,
Year of publication c2004.
300 ## - PHYSICAL DESCRIPTION
Number of Pages xxii, 225p.
505 0# - FORMATTED CONTENTS NOTE
Formatted contents note The Progressive Era vision : instrumental and educative justifications of direct democracy -- The education of citizens : voting -- The education of citizens : civic engagement -- The education of citizens : confidence in government -- The education of special interests -- The education of political parties -- The educative possibilities and limitations of citizen lawmaking.
650 #0 - SUBJECT ADDED ENTRY--TOPICAL TERM
Topical Term Political participation
Topical Term Referendum
Topical Term Direct democracy
Topical Term Progressivism (United States politics)
700 1# - ADDED ENTRY--PERSONAL NAME
Personal name Tolbert, Caroline J.
856 40 - ELECTRONIC LOCATION AND ACCESS
Uniform Resource Identifier http://site.ebrary.com/lib/rucke/Doc?id=10351524

No items available.

© 2026 Rongo University
Contact us: librarian | system librarian | Rongo university